Entry Términos de género/forma
001 - NÚMERO DE CONTROL
- campo de control: 226785
003 - IDENTIFICADOR DE NÚMERO DE CONTROL
- campo de control: SpMaBN
005 - FECHA Y HORA DE LA ÚLTIMA TRANSACCIÓN
- campo de control: 20230623140052.0
008 - ELEMENTOS DE DATO DE LONGITUD-FIJA
- campo de control de longitud fija: 150623 n azznnbabn |a ana
024 7# - IDENTIFICADOR DE OTROS ESTÁNDARES
- Número estándar o código: http://id.loc.gov/authorities/genreForms/gf2014026479
- Fuente: lcgft
024 7# - IDENTIFICADOR DE OTROS ESTÁNDARES
- Número estándar o código: https://data.bnf.fr/ark:/12148/cb13318570s
- Fuente: rameau
040 ## - FUENTE DE CATALOGACIÓN
- Centro catalogador/agencia de origen: SpMaBN
- Lengua de catalogación: spa
- Centro/agencia transcriptor: SpMaBN
- Normas de descripción: rdc
- Convención/Normas de encabezamiento de materia/tesauro: tgfbne
- Centro/agencia modificador: ES-MaACL
042 ## - CÓDIGO DE AUTENTICACIÓN
- Código de autenticación: NORM20150623
155 ## - ENCABEZAMIENTO--TÉRMINO DE GÉNERO/FORMA
- Término de género/forma: Novelas picarescas
455 ## - TRAZADO DE VÉASE--TÉRMINO GÉNERO/FORMA
- Término de género/forma: Picaresca (Novelas)
555 ## - TRAZADO DE VÉASE ADEMÁS--TÉRMINO GÉNERO/FORMA
- Subcampo de control: g
- Término de género/forma: Novelas
555 ## - TRAZADO DE VÉASE ADEMÁS--TÉRMINO GÉNERO/FORMA
- Término de género/forma: Maqāmat
670 ## - FUENTE DE DATOS ENCONTRADOS
- Cita de la fuente: LCGFT;
- Información encontrada: (Picaresque fiction)
670 ## - FUENTE DE DATOS ENCONTRADOS
- Cita de la fuente: Estébanez Calderón, D. Diccionario de términos literarios, 1999;
- Información encontrada: (Picaresca. Nombre con el que se designa un tipo de novela que surge en España a mediados del siglo XVI con el Lazarillo de Tormes [...] G. Soberano ha definido como "picaresca a la ingeniosa relación, normalmente en primera persona, de la vida y desventuras de un sujeto humilde, articulada según una estructura episódica (servicio a varios amos, encuentros con diversas gentes) y destinadas a explicar un estado de deshonor (aceptado al final o bien superado) del cual aparecen como determinantes la condición del mismo sujeto y las circuntancias sociales que, a través de aquella estructura episódica, y en un lenguaje de incontenible locuacidad crítica, son normalmente satirizadas")
670 ## - FUENTE DE DATOS ENCONTRADOS
- Cita de la fuente: WWW RBGENR, 2-3-2020;
- Información encontrada: (Picaresque literature)
- Identificador Uniforme de Recursos: https://rbms.info/vocabularies/genre/tr480.htm
670 ## - FUENTE DE DATOS ENCONTRADOS
- Cita de la fuente: WWW RAMEAU, 4-11-2019;
- Información encontrada: (Roman picaresque)
670 ## - FUENTE DE DATOS ENCONTRADOS
- Cita de la fuente: WWW Embe, 23-6-2023;
- Información encontrada: (Novelas picarescas)
680 ## - NOTA GENERAL PÚBLICA
- Texto explicativo: Úsase para las narraciones ficticias que de forma episódica describen, generalmente en forma de autobiografía y con intención satírica, las aventuras de un pícaro ingenioso
955 ## - CATALOGADOR - EDICIÓN
- Nombre del catalogador: Julia Mas Vieira
